Estadísticas para Países con el Mayor Número de Asesinatos

Haz click aquí para intentar la prueba.

Estadísticas generales

  • Esta prueba ha sido intentada 4.367 veces
    (3.525 desde el último reinicio)
  • La puntuación promedio es 12 de 20

Estadísticas de respuestas

AsesinatosPaís% Correcto
12,253Estados Unidos
97%
19,669México
93%
11,286China
89%
50,674Brasil
87%
13,343Colombia
87%
13,681Rusia
85%
19,030Venezuela
84%
41,623India
79%
17,805Sudáfrica
61%
8,755R. D. Congo
58%
5,936Honduras
57%
17,059Nigeria
57%
13,846Pakistán
57%
3,921El Salvador
55%
4,998Guatemala
52%
7,334Etiopía
36%
4,514Bangladés
35%
9,797Filipinas
35%
8,044Myanmar
20%
4,473Uganda
17%

Distribución de puntuación

Porcentaje por número respondido

Porcentaje de gente con cada puntuación

Historial de tus puntuaciones

No has intentado esta prueba desde el último reinicio